Central African Republic Country Quiz - Statistics

General Stats
  • This quiz has been taken 22,025 times
    21,974 since last reset
  • The average score is 13 of 19
Answer Stats
Clue Answer % Correct
Countries that border CAR D.R. Congo
97%
Official languages French
95%
Countries that border CAR Rep. of the Congo
95%
Countries that border CAR Chad
94%
Countries that border CAR South Sudan
92%
Countries that border CAR Sudan
89%
Countries that border CAR Cameroon
87%
CAR has the lowest ____ ________ of any country, 52.8 years Life Expectancy
87%
"S" word for a grassy ecosystem such as the one that covers almost all of CAR Savanna
81%
Capital city Bangui
70%
Currency (shared with 5 other countries) CFA {Franc}
70%
Compasses might not work correctly in CAR because most of the country is covered with a large ______ anomaly Magnetic
64%
Due to its remote location and lack of electricity, CAR has the least ____ pollution of any country Light
57%
Title that president Jean-Bédel Bokassa gave to himself in 1979 Emperor
52%
Disease-spreading fly which hinders livestock herding {Tsetse} fly
48%
These make up 57% of official exports, with many more smuggled out illegally Diamonds
44%
River on which the capital city is located Ubangi
22%
Second most populous city (hint: starts with B, makes teenagers giggle) Bimbo
21%
Official languages Sango
21%
No matching quizzes found
Score Distribution
Percent of People with Each Score
Percentile by Number Answered
Your Score History
You have not taken this quiz since the last reset